Fuller House Characters - Statistics

General Stats
  • This quiz has been taken 1,513 times
  • The average score is 15 of 41
Answer Stats
Actor Character % Correct
Canadace Cameron-Bure D.J.
98%
Andrea Barber Kimmy
93%
Jodie Sweetin Stephanie
92%
Bob Saget Danny
82%
John Stamos Jesse
79%
Dave Coulier Joey
79%
Elias Herger Max
77%
Michael Campion Jackson
76%
Scott Weinger Steve
75%
Dashiell Messit Tommy Jr.
75%
Soni Nicole Bringas Ramona
72%
Lori Loughlin Becky
71%
Juan Pablo di Pace Fernando
68%
John Brotherton Matt
60%
Dylan Tuomy-Wilhoit Alex
50%
Blake Tuomy-Wilhoit Nicky
49%
Adam Hagenbuch Jimmy
45%
Virginia Williams C.J.
39%
Marla Sokoloff Gia
38%
Ashley Liao Lola
38%
McKenna Grace Rose
36%
Landry Bender Rocki
28%
Fox Messitt Tommy Jr.
28%
Isaak Presley Bobby
26%
McKenzie Jefferson Pamela
11%
Madilynn Jefferson Pamela
11%
Lucas Jaye Taylor
9%
Michael Sun Lee Harry
7%
Gianna DiDonato Crystal
5%
Kimberley Drummond Janet
5%
Kingston Foster Joan
5%
David Lipper Viper
5%
Ruby Rose Turner Phyllis
4%
Eva LaRue Teri
3%
Robin Thomas Fred
2%
Noah Salsbury Lipson Jerry
2%
Anne Marie McEvoy Kathy
2%
Finn Carr Lewis
2%
Trevor Larcom Mankowski
2%
Patrick Gallagher Chief Mulrooney
1%
Sasha Jackson Shannon
1%
No matching quizzes found
Score Distribution
Percent of People with Each Score
Percentile by Number Answered
Your Score History
You have not taken this quiz